[Event "European Senior Team Championship 2021"]
[Site "Don Giovanni hotel, Vinohradska 2733, Prague, Czech Republic"]
[Date "2021.08.30"]
[Round "1"]
[Board "3"]
[White "Siebenburger, Vlastimil"]
[Black "Leib, Britta"]
[Result "1/2-1/2"]
[WhiteElo "1975"]
[BlackElo "1916"]
[PlyCount "0"]
[EventDate "2021.08.30"]
[EventType "team"]
[EventRounds "9"]
[EventCountry "ECX"]
[WhiteTeam "KSS VYSOCINA"]
[BlackTeam "GERMANY 1 WOMEN"]

1. d4 {[%clk 1:30:51]} Nf6 {[%clk 1:30:53]} 2. c4 {[%clk 1:31:11]} e6
{[%clk 1:31:00]} 3. Nc3 {[%clk 1:31:30]} d5 {[%clk 1:30:56]} 4. cxd5
{[%clk 1:31:36]} exd5 {[%clk 1:30:54]} 5. Bg5 {[%clk 1:31:52]} Be7
{[%clk 1:30:34]} 6. e3 {[%clk 1:32:01]} O-O {[%clk 1:26:48]} 7. Bd3
{[%clk 1:30:45]} Nbd7 {[%clk 1:24:31]} 8. Nge2 {[%clk 1:27:18]} Re8
{[%clk 1:20:42]} 9. Qc2 {[%clk 1:23:04]} h6 {[%clk 1:17:00]} 10. Bf4
{[%clk 1:21:34]} c6 {[%clk 1:10:08]} 11. f3 {[%clk 1:14:16]} Nh5 {[%clk 0:58:20]}
12. Be5 {[%clk 1:08:37]} Bh4+ {[%clk 0:42:28]} 13. g3 {[%clk 1:07:04]} Bg5
{[%clk 0:42:43]} 14. f4 {[%clk 1:05:21]} Be7 {[%clk 0:41:01]} 15. Nxd5
{[%clk 0:55:40]} Qa5+ {[%clk 0:37:49]} 16. Ndc3 {[%clk 0:56:03]} Nf8
{[%clk 0:37:59]} 17. f5 {[%clk 0:54:01]} Nd7 {[%clk 0:30:02]} 18. Bf4
{[%clk 0:46:42]} Nxf4 {[%clk 0:28:01]} 19. exf4 {[%clk 0:43:34]} Nf6
{[%clk 0:23:05]} 20. Qa4 {[%clk 0:34:00]} Qd8 {[%clk 0:16:13]} 21. h3
{[%clk 0:25:51]} Nd5 {[%clk 0:11:19]} 22. Nxd5 {[%clk 0:24:38]} Qxd5
{[%clk 0:11:18]} 23. O-O-O {[%clk 0:24:09]} Bxf5 {[%clk 0:09:30]} 24. Nc3
{[%clk 0:21:46]} Qd7 {[%clk 0:09:33]} 25. g4 {[%clk 0:21:17]} Bxd3
{[%clk 0:08:42]} 26. Rxd3 {[%clk 0:21:44]} Qc7 {[%clk 0:07:50]} 27. Rf1
{[%clk 0:20:29]} Bd6 {[%clk 0:03:49]} 28. f5 {[%clk 0:20:04]} f6 {[%clk 0:03:51]}
29. Kb1 {[%clk 0:20:08]} a6 {[%clk 0:02:30]} 30. Qd1 {[%clk 0:17:49]} Rad8
{[%clk 0:02:20]}  1/2-1/2

[Event "European Senior Team Championship 2021"]
[Site "Don Giovanni hotel, Vinohradska 2733, Prague, Czech Republic"]
[Date "2021.08.30"]
[Round "1"]
[Board "4"]
[White "Beltz, Martina"]
[Black "Kuda, Pavel"]
[Result "1-0"]
[WhiteElo "1922"]
[BlackElo "1444"]
[PlyCount "0"]
[EventDate "2021.08.30"]
[EventType "team"]
[EventRounds "9"]
[EventCountry "ECX"]
[WhiteTeam "GERMANY 1 WOMEN"]
[BlackTeam "KSS VYSOCINA"]

1. d4 {[%clk 1:30:53]} d5 {[%clk 1:30:53]} 2. Nf3 {[%clk 1:29:59]} Nc6
{[%clk 1:29:03]} 3. c4 {[%clk 1:28:53]} Nf6 {[%clk 1:26:11]} 4. Nc3
{[%clk 1:25:24]} e6 {[%clk 1:25:48]} 5. Bg5 {[%clk 1:25:19]} Be7 {[%clk 1:25:15]}
6. e3 {[%clk 1:25:46]} Ne4 {[%clk 1:19:48]} 7. Bxe7 {[%clk 1:24:10]} Nxe7
{[%clk 1:17:56]} 8. Bd3 {[%clk 1:21:49]} Nxc3 {[%clk 1:15:08]} 9. bxc3
{[%clk 1:21:49]} c6 {[%clk 1:12:02]} 10. Rb1 {[%clk 1:20:10]} O-O
{[%clk 1:11:16]} 11. O-O {[%clk 1:18:50]} dxc4 {[%clk 1:07:54]} 12. Bxc4
{[%clk 1:15:20]} Nd5 {[%clk 1:08:17]} 13. Qd3 {[%clk 1:13:33]} Re8
{[%clk 1:00:00]} 14. Bb3 {[%clk 1:07:28]} Qa5 {[%clk 0:55:33]} 15. Bc2
{[%clk 1:02:33]} g6 {[%clk 0:55:04]} 16. c4 {[%clk 1:00:32]} Nb4 {[%clk 0:51:19]}
17. Qd2 {[%clk 1:00:14]} Qxa2 {[%clk 0:43:46]} 18. Rxb4 {[%clk 1:00:36]} Qa5
{[%clk 0:40:50]} 19. Ne5 {[%clk 0:59:24]} c5 {[%clk 0:34:30]} 20. dxc5
{[%clk 0:57:53]} Qxc5 {[%clk 0:34:38]} 21. Qc3 {[%clk 0:54:19]} b6
{[%clk 0:30:39]} 22. Ng4 {[%clk 0:54:13]} Kf8 {[%clk 0:25:27]} 23. Rb5
{[%clk 0:51:18]} Qc6 {[%clk 0:24:20]} 24. Qh8+ {[%clk 0:42:54]} Ke7
{[%clk 0:24:16]} 25. Qf6+ {[%clk 0:41:27]} Kd6 {[%clk 0:24:09]} 26. Rd1+
{[%clk 0:41:18]} Kc7 {[%clk 0:24:12]} 27. Qe5+ {[%clk 0:41:38]} Kb7
{[%clk 0:23:03]} 28. Be4 {[%clk 0:42:05]}  1-0

[Event "European Senior Team Championship 2021"]
[Site "Don Giovanni hotel, Vinohradska 2733, Prague, Czech Republic"]
[Date "2021.08.31"]
[Round "2"]
[Board "1"]
[White "Sorm, Daniel"]
[Black "Kachiani-Gersinska, Ketino"]
[Result "1-0"]
[WhiteElo "2350"]
[BlackElo "2318"]
[PlyCount "0"]
[EventDate "2021.08.30"]
[EventType "team"]
[EventRounds "9"]
[EventCountry "ECX"]
[WhiteTeam "1960-69"]
[BlackTeam "GERMANY 1 WOMEN"]

1. d4 {[%clk 1:30:56]} Nf6 {[%clk 1:30:15]} 2. c4 {[%clk 1:31:12]} g6
{[%clk 1:30:17]} 3. Nc3 {[%clk 1:31:35]} d5 {[%clk 1:30:37]} 4. cxd5
{[%clk 1:31:58]} Nxd5 {[%clk 1:31:01]} 5. e4 {[%clk 1:32:21]} Nxc3
{[%clk 1:31:14]} 6. bxc3 {[%clk 1:32:47]} Bg7 {[%clk 1:31:33]} 7. Bb5+
{[%clk 1:32:39]} c6 {[%clk 1:22:50]} 8. Ba4 {[%clk 1:32:29]} O-O {[%clk 1:19:07]}
9. Ne2 {[%clk 1:31:46]} b5 {[%clk 1:07:09]} 10. Bb3 {[%clk 1:29:46]} Bb7
{[%clk 1:07:12]} 11. O-O {[%clk 1:24:27]} c5 {[%clk 0:37:41]} 12. d5
{[%clk 1:06:34]} Nd7 {[%clk 0:35:48]} 13. Be3 {[%clk 1:03:21]} a5
{[%clk 0:21:40]} 14. Rb1 {[%clk 0:55:27]} a4 {[%clk 0:18:20]} 15. Bc4 bxc4
{[%clk 0:18:23]} 16. Rxb7 {[%clk 0:54:34]} Qc8 {[%clk 0:18:34]} 17. Rb1
{[%clk 0:44:11]} Ne5 {[%clk 0:12:10]} 18. Qd2 {[%clk 0:43:55]} Ng4
{[%clk 0:09:58]} 19. h3 {[%clk 0:38:46]} Nxe3 {[%clk 0:02:38]} 20. Qxe3
{[%clk 0:38:57]} Qc7 {[%clk 0:01:55]} 21. f4 {[%clk 0:35:41]} Rfd8
{[%clk 0:02:04]} 22. Rb5 {[%clk 0:28:31]} Rab8 {[%clk 0:01:56]} 23. Rfb1
{[%clk 0:28:34]} Rxb5 {[%clk 0:02:15]} 24. Rxb5 {[%clk 0:29:00]} Rc8
{[%clk 0:02:28]} 25. e5 {[%clk 0:28:05]} Bf8 {[%clk 0:02:35]} 26. Qe4
{[%clk 0:26:32]} Qd7 {[%clk 0:01:39]} 27. Qxc4 {[%clk 0:21:06]} Qf5
{[%clk 0:02:05]} 28. Kh2 {[%clk 0:21:10]} Qc2 {[%clk 0:02:15]} 29. Rb7
{[%clk 0:19:05]} Qf5 {[%clk 0:01:09]} 30. Ng3 {[%clk 0:17:03]} Qc2
{[%clk 0:01:16]} 31. d6 {[%clk 0:17:14]} Re8 {[%clk 0:00:33]} 32. Ne4
{[%clk 0:14:35]} Bh6 {[%clk 0:00:48]} 33. Nf6+ {[%clk 0:14:32]}  1-0

[Event "European Senior Team Championship 2021"]
[Site "Don Giovanni hotel, Vinohradska 2733, Prague, Czech Republic"]
[Date "2021.08.31"]
[Round "2"]
[Board "2"]
[White "Spiel, Marianne"]
[Black "Vrbata, Zbynek"]
[Result "1/2-1/2"]
[WhiteElo "1869"]
[BlackElo "2339"]
[PlyCount "0"]
[EventDate "2021.08.30"]
[EventType "team"]
[EventRounds "9"]
[EventCountry "ECX"]
[WhiteTeam "GERMANY 1 WOMEN"]
[BlackTeam "1960-69"]

1. e4 {[%clk 1:30:58]} e6 {[%clk 1:30:54]} 2. d4 {[%clk 1:31:05]} d5
{[%clk 1:31:19]} 3. Nd2 {[%clk 1:31:29]} Nf6 {[%clk 1:31:34]} 4. e5
{[%clk 1:31:45]} Nfd7 {[%clk 1:31:57]} 5. Bd3 {[%clk 1:32:05]} c5
{[%clk 1:32:13]} 6. c3 {[%clk 1:32:10]} Nc6 {[%clk 1:32:29]} 7. Ne2
{[%clk 1:32:21]} cxd4 {[%clk 1:32:45]} 8. cxd4 {[%clk 1:32:40]} f6
{[%clk 1:32:49]} 9. exf6 {[%clk 1:32:38]} Nxf6 {[%clk 1:33:06]} 10. f4
{[%clk 1:32:01]} Bd6 {[%clk 1:31:35]} 11. Nf3 {[%clk 1:31:26]} O-O
{[%clk 1:30:45]} 12. O-O {[%clk 1:30:59]} Qb6 {[%clk 1:28:38]} 13. Kh1
{[%clk 1:29:14]} Bd7 {[%clk 1:27:37]} 14. a3 {[%clk 1:28:12]} Na5
{[%clk 1:10:47]} 15. b4 {[%clk 1:15:38]} Nc4 {[%clk 1:08:48]} 16. Ne5
{[%clk 1:15:05]} Bb5 {[%clk 1:01:11]} 17. a4 {[%clk 1:02:03]} Bd7
{[%clk 0:42:43]} 18. Bxc4 {[%clk 0:50:04]} dxc4 {[%clk 0:40:37]} 19. Nxc4
{[%clk 0:49:49]} Qc7 {[%clk 0:39:45]} 20. Nxd6 {[%clk 0:49:51]} Qxd6
{[%clk 0:40:12]} 21. b5 {[%clk 0:48:42]} Rfc8 {[%clk 0:38:39]} 22. Ba3
{[%clk 0:43:56]} Qd5 {[%clk 0:38:20]} 23. Ng1 {[%clk 0:35:51]} a6
{[%clk 0:37:20]} 24. bxa6 {[%clk 0:32:49]} Rxa6 {[%clk 0:36:47]} 25. Be7
{[%clk 0:23:26]} Bc6 {[%clk 0:20:37]} 26. Nf3 {[%clk 0:20:13]} Nh5
{[%clk 0:19:58]} 27. Qd2 {[%clk 0:13:45]} Bxa4 {[%clk 0:18:04]} 28. Rfe1
{[%clk 0:09:18]} Rc2 {[%clk 0:13:40]} 29. Qb4 {[%clk 0:07:35]} Rc4
{[%clk 0:04:27]} 30. Qd2 {[%clk 0:07:01]} Rc2 {[%clk 0:04:44]} 31. Qb4
{[%clk 0:07:25]} Rc4 {[%clk 0:05:12]} 32. Qd2 {[%clk 0:07:46]} g6
{[%clk 0:05:36]} 33. Re5 {[%clk 0:06:24]} Qd7 {[%clk 0:05:15]} 34. Rxh5
{[%clk 0:04:58]} Qxe7 {[%clk 0:05:10]} 35. Re5 {[%clk 0:04:54]} Qd7
{[%clk 0:02:22]} 36. d5 {[%clk 0:02:53]} Rd6 {[%clk 0:02:41]} 37. Qe2
{[%clk 0:02:31]} Rxf4 {[%clk 0:02:31]} 38. dxe6 {[%clk 0:02:05]} Qe7
{[%clk 0:02:36]} 39. g3 {[%clk 0:01:23]} Rxf3 {[%clk 0:00:31]} 40. Rxa4
{[%clk 0:01:51]} Rfd3 {[%clk 0:00:37]} 41. Ra8+ {[%clk 0:30:06]} Rd8
{[%clk 0:24:35]} 42. Qxd3 {[%clk 0:30:11]} Rxa8 {[%clk 0:23:45]} 43. Qd7
{[%clk 0:29:53]} Ra1+ {[%clk 0:09:07]} 44. Kg2 {[%clk 0:30:02]} Qf6
{[%clk 0:08:26]} 45. Qc8+ {[%clk 0:19:35]} Qf8 {[%clk 0:07:25]}  1/2-1/2

[Event "European Senior Team Championship 2021"]
[Site "Don Giovanni hotel, Vinohradska 2733, Prague, Czech Republic"]
[Date "2021.08.31"]
[Round "2"]
[Board "3"]
[White "Michalek, Jan"]
[Black "Leib, Britta"]
[Result "1-0"]
[WhiteElo "2276"]
[BlackElo "1916"]
[PlyCount "0"]
[EventDate "2021.08.30"]
[EventType "team"]
[EventRounds "9"]
[EventCountry "ECX"]
[WhiteTeam "1960-69"]
[BlackTeam "GERMANY 1 WOMEN"]

1. e4 {[%clk 1:30:56]} c5 {[%clk 1:30:44]} 2. Nf3 {[%clk 1:31:07]} d6
{[%clk 1:30:33]} 3. d4 {[%clk 1:29:50]} cxd4 {[%clk 1:30:18]} 4. Nxd4
{[%clk 1:29:58]} Nf6 {[%clk 1:30:13]} 5. Nc3 {[%clk 1:30:19]} g6 {[%clk 1:29:45]}
6. Be3 {[%clk 1:29:32]} Bg7 {[%clk 1:27:39]} 7. f3 {[%clk 1:28:47]} Nc6
{[%clk 1:20:22]} 8. Qd2 {[%clk 1:27:35]} Bd7 {[%clk 1:12:23]} 9. g4
{[%clk 1:27:17]} a6 {[%clk 0:46:10]} 10. h4 {[%clk 1:23:26]} h5 {[%clk 0:39:57]}
11. g5 {[%clk 1:21:00]} Nh7 {[%clk 0:40:20]} 12. O-O-O {[%clk 1:20:47]} O-O
{[%clk 0:37:30]} 13. Kb1 {[%clk 1:00:04]} Rc8 {[%clk 0:23:15]} 14. Nxc6
{[%clk 0:54:58]} Bxc6 {[%clk 0:22:43]} 15. Bd4 {[%clk 0:54:57]} Bxd4
{[%clk 0:20:20]} 16. Qxd4 {[%clk 0:55:19]} Qa5 {[%clk 0:19:17]} 17. Bh3
{[%clk 0:54:11]} Rcd8 {[%clk 0:16:55]} 18. f4 {[%clk 0:47:42]} e5
{[%clk 0:14:13]} 19. Qd2 {[%clk 0:47:10]} exf4 {[%clk 0:13:24]} 20. Rhf1
{[%clk 0:47:14]} Qe5 {[%clk 0:11:03]} 21. Rxf4 {[%clk 0:45:04]} d5
{[%clk 0:06:19]} 22. exd5 {[%clk 0:45:04]} Bxd5 {[%clk 0:06:31]} 23. Rd4
{[%clk 0:45:22]} Bxa2+ {[%clk 0:03:52]} 24. Kxa2 {[%clk 0:44:43]} Qa5+
{[%clk 0:02:54]} 25. Kb1 {[%clk 0:45:03]}  1-0

[Event "European Senior Team Championship 2021"]
[Site "Don Giovanni hotel, Vinohradska 2733, Prague, Czech Republic"]
[Date "2021.08.31"]
[Round "2"]
[Board "4"]
[White "Birkholz, Olga"]
[Black "Priehoda, Vitezslav"]
[Result "0-1"]
[WhiteElo "2018"]
[BlackElo "2269"]
[PlyCount "0"]
[EventDate "2021.08.30"]
[EventType "team"]
[EventRounds "9"]
[EventCountry "ECX"]
[WhiteTeam "GERMANY 1 WOMEN"]
[BlackTeam "1960-69"]

1. Nf3 {[%clk 1:30:57]} d5 {[%clk 1:30:26]} 2. d4 {[%clk 1:31:14]} c6
{[%clk 1:29:13]} 3. e3 {[%clk 1:31:27]} Bf5 {[%clk 1:29:23]} 4. Bd3
{[%clk 1:31:23]} Bg6 {[%clk 1:29:20]} 5. b3 {[%clk 1:29:37]} e6 {[%clk 1:27:59]}
6. Ne5 {[%clk 1:27:53]} Nd7 {[%clk 1:28:09]} 7. Nxg6 {[%clk 1:23:33]} hxg6
{[%clk 1:28:29]} 8. Bb2 {[%clk 1:23:44]} Bd6 {[%clk 1:27:32]} 9. g3
{[%clk 1:20:08]} f5 {[%clk 1:24:10]} 10. c4 {[%clk 1:17:53]} Ngf6
{[%clk 1:22:36]} 11. Nd2 {[%clk 1:06:55]} g5 {[%clk 1:13:24]} 12. cxd5
{[%clk 1:02:51]} cxd5 {[%clk 1:13:50]} 13. Nf3 {[%clk 1:00:09]} Ne4
{[%clk 1:05:47]} 14. Ke2 {[%clk 0:51:35]} g4 {[%clk 0:56:14]} 15. Nd2
{[%clk 0:47:07]} Rc8 {[%clk 0:41:51]} 16. f3 {[%clk 0:44:56]} Nxd2
{[%clk 0:32:53]} 17. Qxd2 {[%clk 0:45:07]} gxf3+ {[%clk 0:33:13]} 18. Kxf3
{[%clk 0:45:36]} Qg5 {[%clk 0:30:54]} 19. Rag1 {[%clk 0:44:53]} Nf6
{[%clk 0:29:30]} 20. Bb5+ {[%clk 0:25:42]} Ke7 {[%clk 0:26:28]} 21. Ke2
{[%clk 0:17:22]} Ne4 {[%clk 0:24:31]} 22. Qd1 {[%clk 0:17:08]} Qg4+
{[%clk 0:23:57]} 23. Ke1 {[%clk 0:17:37]} Bb4+ {[%clk 0:23:50]}  0-1

[Event "European Senior Team Championship 2021"]
[Site "Don Giovanni hotel, Vinohradska 2733, Prague, Czech Republic"]
[Date "2021.08.31"]
[Round "2"]
[Board "1"]
[White "Papacek, Stepan"]
[Black "Svanda, Pavel"]
[Result "1-0"]
[WhiteElo "2256"]
[BlackElo "2081"]
[PlyCount "0"]
[EventDate "2021.08.30"]
[EventType "team"]
[EventRounds "9"]
[EventCountry "ECX"]
[WhiteTeam "SK SLAVOJ LITOMERICE"]
[BlackTeam "KSS VYSOCINA"]

1. Nf3 {[%clk 1:30:16]} d5 {[%clk 1:30:45]} 2. c4 {[%clk 1:29:28]} e6
{[%clk 1:30:46]} 3. g3 {[%clk 1:28:40]} Nf6 {[%clk 1:29:40]} 4. Bg2
{[%clk 1:28:56]} Nc6 {[%clk 1:25:24]} 5. O-O {[%clk 1:28:43]} d4 {[%clk 1:18:15]}
6. d3 {[%clk 1:26:02]} e5 {[%clk 1:16:41]} 7. b4 {[%clk 1:24:35]} Nd7
{[%clk 1:02:52]} 8. a3 {[%clk 1:21:41]} a6 {[%clk 1:00:38]} 9. e3
{[%clk 1:21:18]} dxe3 {[%clk 1:00:49]} 10. Bxe3 {[%clk 1:13:37]} Be7
{[%clk 1:01:01]} 11. Nc3 {[%clk 1:13:47]} O-O {[%clk 1:01:20]} 12. Nd5
{[%clk 1:13:22]} Re8 {[%clk 1:00:42]} 13. Re1 {[%clk 1:02:36]} Bf8
{[%clk 0:51:56]} 14. Qc2 {[%clk 0:58:12]} Ne7 {[%clk 0:51:13]} 15. Nxe7+
{[%clk 0:52:22]} Qxe7 {[%clk 0:47:22]} 16. d4 {[%clk 0:42:46]} exd4
{[%clk 0:38:46]} 17. Bxd4 {[%clk 0:42:38]} Qd8 {[%clk 0:39:11]} 18. Rxe8
{[%clk 0:42:01]} Qxe8 {[%clk 0:39:36]} 19. Ng5 {[%clk 0:41:55]} g6
{[%clk 0:39:56]} 20. Bd5 {[%clk 0:39:25]} Ne5 {[%clk 0:40:12]} 21. Re1
{[%clk 0:38:46]}  1-0

[Event "European Senior Team Championship 2021"]
[Site "Don Giovanni hotel, Vinohradska 2733, Prague, Czech Republic"]
[Date "2021.08.31"]
[Round "2"]
[Board "2"]
[White "Miculka, Petr"]
[Black "Bartos, Jan"]
[Result "0-1"]
[WhiteElo "2081"]
[BlackElo "2112"]
[PlyCount "0"]
[EventDate "2021.08.30"]
[EventType "team"]
[EventRounds "9"]
[EventCountry "ECX"]
[WhiteTeam "KSS VYSOCINA"]
[BlackTeam "SK SLAVOJ LITOMERICE"]

1. e4 {[%clk 1:30:23]} e6 {[%clk 1:30:54]} 2. d4 d5 {[%clk 1:31:20]} 3. Nc3
{[%clk 1:30:05]} Bb4 4. Bd3 dxe4 {[%clk 1:32:00]} 5. Bxe4 {[%clk 1:30:13]} Nf6
{[%clk 1:32:25]} 6. Bf3 {[%clk 1:30:35]} O-O {[%clk 1:32:44]} 7. Nge2
{[%clk 1:29:33]} e5 {[%clk 1:33:04]} 8. Bg5 {[%clk 1:19:51]} exd4
{[%clk 1:32:38]} 9. Nxd4 {[%clk 1:15:30]} Re8+ {[%clk 1:26:59]} 10. Kf1
{[%clk 1:08:02]} Bxc3 11. bxc3 {[%clk 1:07:59]} Nbd7 {[%clk 1:20:15]} 12. Rb1
{[%clk 0:59:48]} Nc5 {[%clk 1:18:12]} 13. h4 {[%clk 0:57:49]} h6 {[%clk 1:06:29]}
14. Bf4 {[%clk 0:48:04]} c6 {[%clk 0:50:14]} 15. g4 {[%clk 0:40:54]} Nfe4
{[%clk 0:38:22]} 16. Bd2 {[%clk 0:33:52]} Qf6 {[%clk 0:34:59]} 17. g5
{[%clk 0:30:45]} hxg5 {[%clk 0:35:04]} 18. hxg5 {[%clk 0:29:03]} Nxg5
{[%clk 0:35:12]} 19. Bxg5 {[%clk 0:20:48]} Qxg5 {[%clk 0:34:12]} 20. Rb4
{[%clk 0:17:28]} a5 {[%clk 0:16:13]} 21. Ne6 {[%clk 0:11:46]} Bxe6
{[%clk 0:13:12]} 22. Rbh4 {[%clk 0:11:12]} f6 {[%clk 0:10:28]} 23. Rh8+
{[%clk 0:08:56]} Kf7 {[%clk 0:10:52]} 24. Bh5+ {[%clk 0:09:13]} g6
{[%clk 0:08:02]} 25. Rh7+ {[%clk 0:05:50]} Kg8 {[%clk 0:08:07]} 26. Bxg6
{[%clk 0:05:23]} Qxg6 {[%clk 0:07:39]} 27. R7h4 {[%clk 0:05:11]} Rad8
{[%clk 0:04:55]} 28. Qf3 {[%clk 0:03:05]} Kf8 {[%clk 0:03:18]} 29. Rg1
{[%clk 0:02:01]} Qf7 {[%clk 0:03:14]} 30. Rgh1 {[%clk 0:00:52]} Bc4+
{[%clk 0:02:58]} 31. Kg1 {[%clk 0:01:10]} Re1+ {[%clk 0:03:03]}  0-1

[Event "European Senior Team Championship 2021"]
[Site "Don Giovanni hotel, Vinohradska 2733, Prague, Czech Republic"]
[Date "2021.08.31"]
[Round "2"]
[Board "3"]
[White "Kozak, Milos"]
[Black "Siebenburger, Vlastimil"]
[Result "1/2-1/2"]
[WhiteElo "2103"]
[BlackElo "1975"]
[PlyCount "0"]
[EventDate "2021.08.30"]
[EventType "team"]
[EventRounds "9"]
[EventCountry "ECX"]
[WhiteTeam "SK SLAVOJ LITOMERICE"]
[BlackTeam "KSS VYSOCINA"]

1. d4 {[%clk 1:30:56]} d5 {[%clk 1:18:09]} 2. c4 {[%clk 1:31:22]} c6
{[%clk 1:18:33]} 3. Nf3 {[%clk 1:31:47]} Nf6 {[%clk 1:18:51]} 4. e3
{[%clk 1:32:06]} e6 {[%clk 1:19:14]} 5. Bd3 {[%clk 1:32:22]} Nbd7
{[%clk 1:18:54]} 6. O-O {[%clk 1:32:44]} Bd6 {[%clk 1:18:50]} 7. Nc3
{[%clk 1:32:50]} e5 {[%clk 1:13:42]} 8. cxd5 {[%clk 1:32:47]} cxd5
{[%clk 1:14:02]} 9. e4 {[%clk 1:33:01]} dxe4 {[%clk 1:01:27]} 10. Nxe4
{[%clk 1:32:56]} Nxe4 {[%clk 1:00:32]} 11. Bxe4 {[%clk 1:33:24]} exd4
{[%clk 0:56:47]} 12. Nxd4 {[%clk 1:06:21]} O-O {[%clk 0:43:51]} 13. Bc2
{[%clk 0:46:37]} Nf6 {[%clk 0:35:42]} 14. h3 {[%clk 0:40:59]} h6 {[%clk 0:33:02]}
15. Be3 {[%clk 0:35:59]} Qa5 {[%clk 0:26:57]} 16. Qd3 {[%clk 0:26:37]} Rd8
{[%clk 0:24:45]} 17. Qb5 {[%clk 0:23:03]} Bc7 {[%clk 0:13:06]} 18. Rad1
{[%clk 0:09:49]} a6 {[%clk 0:11:15]} 19. Qxa5 {[%clk 0:09:49]} Bxa5
{[%clk 0:11:42]} 20. Nb3 {[%clk 0:07:10]} Bc7 {[%clk 0:09:49]} 21. Rxd8+
{[%clk 0:05:29]} Bxd8 {[%clk 0:10:16]}  1/2-1/2

[Event "European Senior Team Championship 2021"]
[Site "Don Giovanni hotel, Vinohradska 2733, Prague, Czech Republic"]
[Date "2021.08.31"]
[Round "2"]
[Board "4"]
[White "Kuda, Pavel"]
[Black "Sura, Jaroslav"]
[Result "0-1"]
[WhiteElo "1444"]
[BlackElo "2004"]
[PlyCount "0"]
[EventDate "2021.08.30"]
[EventType "team"]
[EventRounds "9"]
[EventCountry "ECX"]
[WhiteTeam "KSS VYSOCINA"]
[BlackTeam "SK SLAVOJ LITOMERICE"]

1. d4 {[%clk 1:30:40]} c5 {[%clk 1:30:54]} 2. c3 {[%clk 1:28:31]} e6
{[%clk 1:29:23]} 3. Nf3 {[%clk 1:28:08]} f5 {[%clk 1:29:05]} 4. e3
{[%clk 1:20:44]} Nf6 {[%clk 1:29:11]} 5. Nbd2 {[%clk 1:14:34]} b6
{[%clk 1:27:38]} 6. Bc4 {[%clk 1:06:06]} Nc6 {[%clk 1:20:55]} 7. Qc2
{[%clk 0:56:37]} Be7 {[%clk 1:18:22]} 8. O-O {[%clk 0:54:26]} O-O
{[%clk 1:18:31]} 9. Qxf5 {[%clk 0:53:29]} d5 {[%clk 1:17:10]} 10. Qd3
{[%clk 0:50:29]} dxc4 {[%clk 1:17:12]} 11. Qxc4 {[%clk 0:47:09]} Qd5
{[%clk 1:16:14]} 12. Qd3 {[%clk 0:45:57]} cxd4 {[%clk 1:08:34]} 13. exd4
{[%clk 0:44:48]} a5 {[%clk 0:56:19]} 14. Re1 {[%clk 0:39:32]} Bd8
{[%clk 0:48:56]} 15. Ne5 {[%clk 0:36:40]} Nxe5 {[%clk 0:46:36]} 16. Rxe5
{[%clk 0:36:42]} Qd7 {[%clk 0:46:12]} 17. Nf3 {[%clk 0:31:07]} Ba6
{[%clk 0:43:49]} 18. Qc2 {[%clk 0:30:06]} Bc7 {[%clk 0:42:46]} 19. Re1
{[%clk 0:26:27]} Bb7 {[%clk 0:41:47]} 20. Ng5 {[%clk 0:26:15]} Rae8
{[%clk 0:37:43]} 21. Re2 {[%clk 0:20:54]} h6 {[%clk 0:37:02]} 22. Nf3
{[%clk 0:20:33]} Bxf3 {[%clk 0:36:05]} 23. gxf3 Nh5 {[%clk 0:34:04]} 24. Bxh6
{[%clk 0:16:07]} gxh6 {[%clk 0:32:28]} 25. Kh1 {[%clk 0:14:44]} Qf7
{[%clk 0:29:52]} 26. Rg1+ {[%clk 0:12:50]} Kh8 {[%clk 0:28:52]} 27. Re3
{[%clk 0:03:30]} Qf4 {[%clk 0:24:42]} 28. Rg2 {[%clk 0:00:42]} Rg8
{[%clk 0:23:43]} 29. Rxg8+ {[%clk 0:30:10]} Rxg8 {[%clk 0:23:53]}  0-1

[Event "European Senior Team Championship 2021"]
[Site "Don Giovanni hotel, Vinohradska 2733, Prague, Czech Republic"]
[Date "2021.08.31"]
[Round "2"]
[Board "1"]
[White "Stohl, Igor"]
[Black "Nudcenko, Karel"]
[Result "1-0"]
[WhiteElo "2462"]
[BlackElo "2033"]
[PlyCount "0"]
[EventDate "2021.08.30"]
[EventType "team"]
[EventRounds "9"]
[EventCountry "ECX"]
[WhiteTeam "SLOVAKIA"]
[BlackTeam "TJ SOKOL UDLICE"]

1. c4 {[%clk 1:30:52]} e6 {[%clk 1:30:06]} 2. Nc3 {[%clk 1:30:58]} d5
{[%clk 1:29:55]} 3. d4 {[%clk 1:31:20]} Nf6 {[%clk 1:29:55]} 4. Nf3
{[%clk 1:31:37]} c6 {[%clk 1:29:38]} 5. e3 {[%clk 1:31:34]} Nbd7 {[%clk 1:29:37]}
6. Qc2 {[%clk 1:31:49]} Be7 {[%clk 1:26:57]} 7. b3 {[%clk 1:27:01]} O-O
{[%clk 1:23:00]} 8. Bd3 {[%clk 1:27:13]} h6 {[%clk 1:19:42]} 9. O-O
{[%clk 1:26:05]} b6 {[%clk 1:14:51]} 10. Bb2 {[%clk 1:21:11]} Bb7
{[%clk 1:14:10]} 11. Rad1 {[%clk 1:19:06]} Rc8 {[%clk 1:11:53]} 12. Qe2
{[%clk 1:09:44]} Qc7 {[%clk 1:07:24]} 13. Ne5 {[%clk 1:05:54]} Nxe5
{[%clk 1:02:19]} 14. dxe5 {[%clk 1:05:23]} Nd7 {[%clk 1:02:09]} 15. f4
{[%clk 1:01:40]} f5 {[%clk 0:59:17]} 16. cxd5 {[%clk 0:50:52]} cxd5
{[%clk 0:57:53]} 17. Nb5 {[%clk 0:50:56]} Qb8 {[%clk 0:54:11]} 18. Nd4
{[%clk 0:36:09]} Nc5 {[%clk 0:53:54]} 19. b4 {[%clk 0:35:45]} Nxd3
{[%clk 0:54:07]} 20. Rxd3 {[%clk 0:35:57]} Bxb4 {[%clk 0:52:30]} 21. Nxe6
{[%clk 0:35:49]} Rfe8 {[%clk 0:51:14]} 22. Nd4 {[%clk 0:32:35]} Rf8
{[%clk 0:46:33]} 23. Rb3 {[%clk 0:20:40]} Bc5 {[%clk 0:46:03]} 24. Ba3
{[%clk 0:19:48]} Rf7 {[%clk 0:36:10]} 25. Ne6 {[%clk 0:15:05]} Rc6
{[%clk 0:30:23]} 26. Nxc5 {[%clk 0:11:51]} bxc5 {[%clk 0:30:41]} 27. Rfb1
{[%clk 0:11:51]} Qc8 {[%clk 0:29:33]} 28. Qb2 {[%clk 0:11:07]} Rcc7
{[%clk 0:28:16]} 29. h3 {[%clk 0:10:20]} Qd7 {[%clk 0:20:08]} 30. Bxc5
{[%clk 0:09:43]} Ba6 {[%clk 0:15:35]} 31. Bd4 {[%clk 0:07:40]} Bc4
{[%clk 0:14:11]} 32. Rb8+ {[%clk 0:07:44]} Kh7 {[%clk 0:14:37]} 33. Qd2
{[%clk 0:07:30]} Qa4 {[%clk 0:11:34]} 34. R1b2 {[%clk 0:07:39]} Qa6
{[%clk 0:11:40]} 35. Re8 {[%clk 0:04:19]} Rfe7 {[%clk 0:07:13]} 36. Rxe7
{[%clk 0:04:28]} Rxe7 {[%clk 0:07:41]} 37. Qb4 {[%clk 0:04:29]} Re6
{[%clk 0:05:15]} 38. Qf8 {[%clk 0:03:58]} Bd3 {[%clk 0:02:40]} 39. g4
{[%clk 0:03:55]} fxg4 {[%clk 0:01:15]} 40. f5 {[%clk 0:04:13]} Rc6
{[%clk 0:00:53]} 41. Rb8 {[%clk 0:23:18]} Rc1+ {[%clk 0:28:01]} 42. Kh2
{[%clk 0:23:31]}  1-0